National food security programme : brief for high level donor's consultative meeting (08- 09 October 2009).

Bibliographic Details
Format: Book
Published: [Ulaanbaatar]: Ministry of Food, Agriculture and Light Industry, 2009.
Subjects:
LEADER 00536cam a2200145 7i4500
001 0000024270
005 20100322090000.0
090 0 0 |a MON 641.3   |b GOV 
245 0 0 |a National food security programme :   |b brief for high level donor's consultative meeting (08- 09 October 2009). 
260 0 0 |a [Ulaanbaatar]:   |b Ministry of Food, Agriculture and Light Industry,   |c 2009. 
300 # # |a 43 p. 
650 0 0 |a Food security --   |z Mongolia  
650 0 0 |a Agriculture --   |z Mongolia  
651 0 0 |a Mongolia  
999 |a 0000026380  |b Book  |c Countries  |e Business Information Centre